[Event "Wch U08"]
[Site "Weifang"]
[Date "2019.08.24"]
[Round "4"]
[White "Bubelo, Mykola"]
[Black "Jaivardhan, Raja Pilla"]
[Result "0-1"]
[WhiteElo "1197"]
[BlackElo "1287"]
[PlyCount "120"]
[EventDate "2019.08.21"]
[EventType "swiss"]
[EventRounds "11"]
[EventCountry "CHN"]
[SourceTitle "EXT 2020"]
[Source "ChessBase"]
[SourceDate "2019.10.17"]
[SourceVersion "1"]
[SourceVersionDate "2019.10.17"]
[SourceQuality "1"]

1. d4 d5 2. e3 e6 3. Bd3 Bd6 4. Nf3 Nf6 5. Nbd2 c5 6. b3 Nc6 7. Bb2 0-0 8. 0-0 Qe7 9. Ne5 cxd4 10. exd4 Ba3 11. Bxa3 Qxa3 12. Ndf3 h6 13. c3 Qd6 14. Qc2 Nd7 15. Rfe1 Ndxe5 16. Nxe5 Nxe5 17. Rxe5 Bd7 18. Rae1 Rac8 19. R5e3 Rc7 20. Rg3 Rfc8 21. Qd2 Kh8 22. Rh3 Qf8 23. c4 e5 24. Rhe3 dxc4 25. Bxc4 b5 26. Bd3 exd4 27. Re4 Qd6 28. Re7 Kg8 29. f3 a6 30. Kh1 Be6 31. Rxc7 Rxc7 32. Rc1 Rc5 33. Re1 Rh5 34. f4 Rc5 35. Qb4 Rc1 36. Qd2 Rxe1+ 37. Qxe1 Qxf4 38. Qd1 Bg4 39. Qc2 Qe3 40. h3 Be6 41. a4 g6 42. axb5 axb5 43. Kh2 b4 44. Qb1 Qd2 45. Kh1 Kg7 46. Kh2 Bd5 47. Bf1 Qc3 48. Qd3 Bxb3 49. Qb5 Qc7+ 50. Kh1 Qd6 51. Bd3 Bd5 52. Bc2 Qc6 53. Qd3 Bxg2+ 54. Kh2 Qd5 55. Bb3 Be4 56. Qg3 Qf5 57. Bd1 Kh7 58. Bg4 Qf1 59. Bf3 Bxf3 60. Qg1 Qxg1+ 0-1

[Event "Wch U08"]
[Site "Weifang"]
[Date "2019.08.23"]
[Round "3"]
[White "Liu, Fung Ming Mathew"]
[Black "Bubelo, Mykola"]
[Result "1/2-1/2"]
[WhiteElo "1561"]
[BlackElo "1197"]
[PlyCount "107"]
[EventDate "2019.08.21"]
[EventType "swiss"]
[EventRounds "11"]
[EventCountry "CHN"]
[SourceTitle "EXT 2020"]
[Source "ChessBase"]
[SourceDate "2019.10.17"]
[SourceVersion "1"]
[SourceVersionDate "2019.10.17"]
[SourceQuality "1"]

1. e4 e5 2. Nf3 Nc6 3. Bc4 Bc5 4. d3 h6 5. Nc3 Nf6 6. h3 d6 7. Bb3 0-0 8. 0-0 Be6 9. Be3 Bb6 10. Nh2 Qd7 11. Kh1 d5 12. exd5 Nxd5 13. Nxd5 Bxd5 14. Bxd5 Qxd5 15. Qg4 f5 16. Qd1 Rf6 17. Nf3 Nd4 18. Bxd4 Bxd4 19. c3 Bb6 20. Qe2 e4 21. dxe4 fxe4 22. Nd2 Re6 23. Nc4 Rae8 24. Ne3 Bxe3 25. Qxe3 b6 26. b3 Qd3 27. Rfe1 Qxe3 28. Rxe3 Kf7 29. Rae1 Kf6 30. Kg1 Kf5 31. g4+ Kf4 32. Kg2 Rd6 33. R1e2 c6 34. f3 Rde6 35. Kf2 Re5 36. Rd2 Rd5 37. Rde2 Rde5 38. Rd2 exf3 39. Rxf3+ Kg5 40. Rd6 R8e6 41. Rd7 Re7 42. Rd6 R5e6 43. Rd4 Kg6 44. a4 Kh7 45. Kg3 a6 46. h4 Re1 47. h5 R7e4 48. Rxe4 Rxe4 49. Rf4 Re2 50. Rc4 c5 51. b4 Re5 52. bxc5 bxc5 53. Kf4 Rd5 54. Re4 1/2-1/2